Nghiên cứu sự biến đổi thích nghi của lá thực vật bậc cao vùng Hòn Chông - Hà Tiên : Luận văn thạc sĩ Sinh học chuyên ngành Sinh thái học
Đề tài phân tích sự đa dạng của các kiểu lá biến đổi để thấy được giá trị thích nghi của thực vật, định danh tên khoa học của các mẫu thực vật thu được.
Spremljeno u:
| Glavni autor: | |
|---|---|
| Format: | Knjiga |
| Jezik: | Undetermined |
| Izdano: |
Cần Thơ
Trường Đại học Cần Thơ
2010
|
| Teme: | |
| Oznake: |
Dodaj oznaku
Bez oznaka, Budi prvi tko označuje ovaj zapis!
|
| Thư viện lưu trữ: | Trung tâm Học liệu Trường Đại học Cần Thơ |
|---|
| LEADER | 01131nam a2200217Ia 4500 | ||
|---|---|---|---|
| 001 | CTU_162212 | ||
| 008 | 210402s9999 xx 000 0 und d | ||
| 082 | |a 581.48 | ||
| 082 | |b Ng121 | ||
| 088 | |a 60420120 | ||
| 100 | |a Nguyễn, Thị Kim Ngân | ||
| 245 | 0 | |a Nghiên cứu sự biến đổi thích nghi của lá thực vật bậc cao vùng Hòn Chông - Hà Tiên : | |
| 245 | 0 | |b Luận văn thạc sĩ Sinh học chuyên ngành Sinh thái học | |
| 245 | 0 | |c Nguyễn Thị Kim Ngân ; Huỳnh Thu Hòa, Ngô Thanh Phong (Cán bộ hướng dẫn) | |
| 260 | |a Cần Thơ | ||
| 260 | |b Trường Đại học Cần Thơ | ||
| 260 | |c 2010 | ||
| 520 | |a Đề tài phân tích sự đa dạng của các kiểu lá biến đổi để thấy được giá trị thích nghi của thực vật, định danh tên khoa học của các mẫu thực vật thu được. | ||
| 650 | |a Sinh thái học thực vật,Plant ecology | ||
| 904 | |i Mỹ Huệ, Hải | ||
| 980 | |a Trung tâm Học liệu Trường Đại học Cần Thơ | ||